00849nam a22001577a 4500003000900000005001700009008004100026040001300067100002500080245006800105250001100173260003400184300001800218490003100236520042400267IT-RoPau20220918181103.0130327b xxu||||| |||| 00| 0 eng d cIT-RoPau aSSP Provincia Italia aAtti del XIII Capitolo ProvincialebAriccia, 9-14 febbraio 2004 a1° ed aRomabSSP Casa Generalec2004 a64 pp.c21 cm aSan Paolovn. 5 Marzo 2004 aIndice Saluto del Superiore Provinciale XIII Capitolo Provinciale Atti del Capitolo Membri e Comunità€ Documenti e Testi Nuove forme di presenza e animazione apostolica nel territorio A. Relazione introduttiva B. Sintesi conclusiva Discorso di Giovanni Paolo II al terzo gruppo di vescovi della Conferenza Episcopale di Francia Davanti alle frontiere dell'evangelizzazione - un esperienza Mons. Italo Castellani